| 000 | 00583nam a2200169Ia 4500 | ||
|---|---|---|---|
| 003 | GCL | ||
| 008 | 140319s9999 xx 000 0 ara d | ||
| 040 |
_aGCL / _cGCL |
||
| 082 | 0 | 4 |
_aد _b050 _bو ع |
| 245 | 1 | 0 | _aالعربى 577 ديسمبر 2006 ( نجيب محفوظ عروبة القلب الوديع ) |
| 260 |
_aالكويت : _bوزارة الاعلام ، _c2006 |
||
| 650 | 0 | 4 | _aالاسلام والمجتمع |
| 650 | 0 | 4 | _aنجيب محفوظ |
| 650 | 0 | 4 | _aالاعلام العربى |
| 650 | 0 | 4 | _aالتكنولوجيا الرقمية - الاعلام |
| 942 |
_2ddc _cCR |
||
| 999 |
_c8982 _d8982 |
||